Bibliografía militar del Caribe / (Record no. 23018)
[ view plain ]
| 000 -LEADER | |
|---|---|
| campo de control de longitud fija | 01061cam a2200301 a 4500 |
| 001 - NÚMERO DE CONTROL | |
| campo de control | 31997 |
| 005 - FECHA Y HORA DE LA ÚLTIMA TRANSACCIÓN | |
| campo de control | 20230410103635.0 |
| 008 - DATOS DE LONGITUD FIJA--INFORMACIÓN GENERAL | |
| campo de control de longitud fija | 940628s1992 pr b s001 0 spa |
| 035 ## - NÚMERO DE CONTROL DEL SISTEMA | |
| -- | (DLC) 94177165 |
| 035 ## - NÚMERO DE CONTROL DEL SISTEMA | |
| Número de control de sistema | 1133664 |
| 010 ## - NÚMERO DE CONTROL DE LA BIBLIOTECA DEL CONGRESO | |
| Número de control de LC | 94177165 |
| 040 ## - FUENTE DE CATALOGACIÓN | |
| Centro catalogador/agencia de origen | DLC |
| Centro/agencia transcriptor | DLC |
| Centro/agencia modificador | DLC |
| 043 ## - CÓDIGO DE ÁREA GEOGRÁFICA | |
| Código de área geográfica | cc----- |
| 050 14 - SIGNATURA TOPOGRÁFICA DE LA BIBLIOTECA DEL CONGRESO | |
| Número de clasificación | 200 Z 6725 |
| Número de ítem | G216b 1992 |
| 082 00 - NÚMERO DE LA CLASIFICACIÓN DECIMAL DEWEY | |
| Número de clasificación | 016.355/0330729 |
| Número de edición | 20 |
| 100 1# - ENTRADA PRINCIPAL--NOMBRE DE PERSONA | |
| Nombre de persona | García Muñíz, Humberto. |
| 245 10 - MENCIÓN DEL TÍTULO | |
| Título | Bibliografía militar del Caribe / |
| Mención de responsabilidad, etc. | por Humberto García Muñíz y Betsaida Velez Natal. |
| 260 ## - PUBLICACIÓN, DISTRIBUCIÓN, ETC. | |
| Lugar de publicación, distribución, etc. | Rio Piedras : |
| Nombre del editor, distribuidor, etc. | Centro de Investigaciones Históricas, Facultad de Humanidades, Universidad de Puerto Rico-Recinto de Río Piedras, |
| Fecha de publicación, distribución, etc. | c1992. |
| 300 ## - DESCRIPCIÓN FÍSICA | |
| Extensión | 177 p. ; |
| Dimensiones | 23 cm. |
| 440 #0 - MENCIÓN DE SERIE/PUNTO DE ACCESO ADICIONAL--TÍTULO | |
| Título | Op. cit.--serie bibliográfica ; |
| Designación de volumen o secuencia | no. 1 |
| 500 ## - NOTA GENERAL | |
| Nota general | Includes index. |
| 651 #0 - PUNTO DE ACCESO ADICIONAL DE MATERIA--NOMBRE GEOGRÁFICO | |
| Nombre geográfico | Caribbean Area |
| Subdivisión general | Defenses |
| -- | Bibliography. |
| 651 #0 - PUNTO DE ACCESO ADICIONAL DE MATERIA--NOMBRE GEOGRÁFICO | |
| Nombre geográfico | Caribbean Area |
| Subdivisión general | Strategic aspects |
| -- | Bibliography. |
| 651 #0 - PUNTO DE ACCESO ADICIONAL DE MATERIA--NOMBRE GEOGRÁFICO | |
| Nombre geográfico | Caribbean Area |
| Subdivisión general | Military relations |
| -- | Bibliography. |
| 700 1# - ENTRADA AGREGADA--NOMBRE PERSONAL | |
| Nombre de persona | Vélez Natal, Betsaida. |
| 942 ## - ELEMENTOS DE ENTRADA SECUNDARIOS (KOHA) | |
| Fuente del sistema de clasificación o colocación | Clasificación de Library of Congress |
| Tipo de ítem Koha | |
| 922 ## - | |
| -- | ap |
| Estatus retirado | Estado de pérdida | Fuente del sistema de clasificación o colocación | Estado de daño | No para préstamo | Colección | Biblioteca de origen | Biblioteca actual | Ubicación en estantería | Fecha de adquisición | Serial enumeration / chronology | Signatura topográfica completa | Código de barras | Visto por última vez | Copia número | Tipo de ítem Koha |
|---|---|---|---|---|---|---|---|---|---|---|---|---|---|---|---|
| Clasificación de Library of Congress | Recursos Regionales | Biblioteca Juan Bosch | Biblioteca Juan Bosch | Recursos Regionales (2do. Piso) | 10/04/2023 | 1 | 200 Z 6725 G216b 1992 | 00000033480 | 23/10/2018 | 1 |
